Statistics for Fictional Characters' Surnames

Click here to take the quiz!

General Stats

  • This quiz has been taken 71 times
  • The average score is 10 of 16

Answer Stats

cluefirst namesurname% Correct
Temple of DoomIndianaJones
98%
Star WarsHanSolo
95%
DickensOliverTwist
95%
Harry PotterHermioneGranger
87%
Star TrekJames TKirk
87%
Agatha ChristieHerculePoirot
73%
Jungle BookShereKhan
70%
AA MilneChristopherRobin
70%
TolstoyAnnaKarenina
68%
Hunger GamesKatnissEverdeen
67%
Jules VernePhileasFogg
59%
de CervantesSanchoPanza
44%
I Love LucyLucyRicardo
35%
Game of ThronesDaenerysTargaryen
35%
BewitchedSamanthaStephens
19%
Green GablesAnneShirley
13%

Score Distribution

Percentile by Number Answered

Percent of People with Each Score

Your Score History

You have not taken this quiz